000 00311nam a22001337a 4500
999 _c15369
_d15369
020 _a9788171308644
082 _a894.812 3
_bKHA/TH
100 _aKhader, U. A
_93052
245 _aThrikkottoor Peruma
260 _aKottayam
_bD.C Books
_c2017
300 _a308
650 _aMalayalam Fiction
_93040
942 _cBK